Online
Catalog

El primer poema de tema venezolano / (Record no. 3252)

MARC details
000 -CABECERA
campo de control de longitud fija 00923cam a2200229 a 4500
001 - NÚMERO DE CONTROL
campo de control 000003422
005 - FECHA Y HORA DE LA ÚLTIMA TRANSACCIÓN
campo de control 20200929150434.0
008 - DATOS DE LONGITUD FIJA--INFORMACIÓN GENERAL
campo de control de longitud fija 771221s1973 ve b 001 p spa
040 ## - FUENTE DE LA CATALOGACIÓN
Centro catalogador/agencia de origen DO-SdBNP
Lengua de catalogación spa
Centro/agencia transcriptor BNPHU
082 ## - NÚMERO DE LA CLASIFICACIÓN DECIMAL DEWEY
Número de clasificación V861.42
Número de documento/Ítem O39p
100 1# - ENTRADA PRINCIPAL--NOMBRE DE PERSONA
Nombre de persona Ojer, Pablo.
9 (RLIN) 10668
245 13 - MENCIÓN DE TÍTULO
Título El primer poema de tema venezolano /
Mención de responsabilidad, etc. Pablo Ojer y Efraín Subero.
260 ## - PUBLICACIÓN, DISTRIBUCIÓN, ETC.
Lugar de publicación, distribución, etc. Caracas :
Nombre del editor, distribuidor, etc. Ministerio de Educación. Dirección General. Departamento de Publicaciones,
Fecha de publicación, distribución, etc. 1973.
300 ## - DESCRIPCIÓN FÍSICA
Extensión 436 p. ;
Dimensiones 20 cm.
490 1# - MENCIÓN DE SERIE
Mención de serie Cuadernos de prosa
Designación de volumen o secuencia no. 10
650 #4 - PUNTO DE ACCESO ADICIONAL DE MATERIA--TÉRMINO DE MATERIA
Término de materia o nombre geográfico como elemento de entrada Poesía venezolana
Subdivisión general Historia y crítica
9 (RLIN) 8721
650 #4 - PUNTO DE ACCESO ADICIONAL DE MATERIA--TÉRMINO DE MATERIA
Término de materia o nombre geográfico como elemento de entrada Literatura venezolana
Subdivisión general Crítica e interpretación
9 (RLIN) 8988
600 14 - PUNTO DE ACCESO ADICIONAL DE MATERIA--NOMBRE DE PERSONA
Nombre de persona CADENA, PEDRO DE LA.
9 (RLIN) 10669
700 1# - PUNTO DE ACCESO ADICIONAL--NOMBRE DE PERSONA
Nombre de persona Subero, Efrain,
Fechas asociadas al nombre 1931-
Término indicativo de función/relación coautor
9 (RLIN) 8785
700 12 - PUNTO DE ACCESO ADICIONAL--NOMBRE DE PERSONA
Nombre de persona Cadena, Pedro de la.
Título de la obra Los actos y hazanas del capitan Diego Hernandez de Serpa. 1973.
9 (RLIN) 10670
830 #0 - PUNTO DE ACCESO ADICIONAL DE SERIE-TÍTULO UNIFORME
Título uniforme Cuadernos de prosa ;
Designación de volumen o secuencia no. 10
9 (RLIN) 10671
Holdings
Estado de retiro Estado de pérdida Restricciones de uso No para préstamo Código de colección Localización permanente Ubicación/localización actual Ubicación en estantería Fecha de adquisición Número de inventario Total de préstamos Signatura topográfica completa Código de barras Fecha visto por última vez Precio válido a partir de Tipo de ítem Koha
    Préstamo interno   Monografías: Libros y Folletos General General En catalogación 08.07.2009 LF1   V861.42 O39p 3422-10 25.06.2020 25.06.2020 Préstamo interno

Powered by Koha